000 00685nam a2200193Ia 4500
008 151121s9999||||xx |||||||||||||| ||und||
082 _a910/सिंह
082 _bHNW-115846
100 _aसिंह संजय कुमार
245 _aवैकल्पिक भूगोल
260 _bक्रॉनिकल पब्लिकेशन्स लि।दिल्ली।
260 _c2009
300 _a544
600 _aसिंह संजय कुमार
630 _aवैकल्पिक भूगोल
700 _aसिंह संजय कुमार
730 _aवैकल्पिक भूगोल
942 _cBOOK
999 _c1264543
_d1264540